Sports Quiz

Random Sports or Basketball Quiz

Brooklyn Nets All-Time Leaders Quiz Stats

 Plays Quiz Updated May 17, 2018

Challenge
Share
Tweet
Embed
Score 0/50 Timer 06:00
7 Plays Today
Hint Answer % Correct
PointsJason Kidd
90.8%
ReboundsJason Kidd
90.8%
AssistsJason Kidd
90.8%
StealsJason Kidd
90.8%
ReboundsBrook Lopez
84.7%
PointsBrook Lopez
79.9%
BlocksBrook Lopez
77.7%
PointsBuck Williams
77.4%
ReboundsBuck Williams
77.4%
StealsBuck Williams
77.4%
BlocksBuck Williams
77.4%
AssistsVince Carter
77%
ReboundsJayson Williams
70.1%
PointsVince Carter
69.4%
BlocksGeorge Johnson
61.3%
PointsRichard Jefferson
60.7%
ReboundsRichard Jefferson
59.6%
AssistsRichard Jefferson
59.6%
AssistsDeron Williams
55.6%
PointsJulius Erving
54%
ReboundsJulius Erving
54%
StealsJulius Erving
54%
BlocksJulius Erving
54%
PointsDerrick Coleman
39.9%
ReboundsDerrick Coleman
39.9%
Hint Answer % Correct
BlocksDerrick Coleman
39.9%
PointsKerry Kittles
36.1%
StealsKerry Kittles
36.1%
AssistsKenny Anderson
30.2%
AssistsStephon Marbury
25.2%
AssistsDevin Harris
24.9%
AssistsDarwin Cook
23.6%
AssistsMicheal Ray Richardson
20.2%
StealsMicheal Ray Richardson
20.2%
StealsKendall Gill
14.9%
PointsChris Morris
11.6%
ReboundsChris Morris
11.6%
StealsChris Morris
11.6%
BlocksChris Morris
11.6%
PointsJohn Williamson
10.3%
ReboundsMike Gminski
9.5%
BlocksMike Gminski
9.5%
BlocksSam Bowie
7.6%
ReboundsBilly Paultz
6.7%
BlocksBilly Paultz
6.7%
StealsEddie Jordan
5.9%
AssistsBill Melchionni
5.4%
StealsBrian Taylor
5.3%
BlocksChris Dudley
4.7%
StealsDarwin Cook
4.2%

You're not logged in!

Compare scores with friends on all Sporcle quizzes.
Join for Free
OR
Log In

You Might Also Like...

Show Comments

Extras

Top Quizzes Today


Score Distribution

Your Account Isn't Verified!

In order to create a playlist on Sporcle, you need to verify the email address you used during registration. Go to your Sporcle Settings to finish the process.

Report this User

Report this user for behavior that violates our Community Guidelines.

Details: